Historia general de la iglesia, desde la predicación de los apóstoles, hasta el pontificado de Gregorio XVI

Detalles Bibliográficos
Autor principal: HENRION, de (Barón)
Formato: Libro
Publicado: s.l. 1854
Edición:2a. ed.
Materias:
Colección:Banco de datos
Acervo:Biblioteca del Ex Convento de Nuestra Señora de Guadalupe. Zacatecas
Descripción Física:t. VIII
Tema general:Historia Eclesiástica
Notas:Buena. V,10,18(1643). Sin marca de fuego
LEADER 00824nam a22002170004500
035 |a 41193 
036 |a 2377 
100 1 |a HENRION, de (Barón) 
245 1 0 |a Historia general de la iglesia, desde la predicación de los apóstoles, hasta el pontificado de Gregorio XVI  |c tr. Epifanio Díaz Iglesias Castañeda 
250 |a 2a. ed. 
260 |a s.l.  |b s.i.  |c 1854 
300 |a t. VIII 
500 |a Buena. V,10,18(1643). Sin marca de fuego 
650 1 0 |a Historia Eclesiástica 
949 |a CRZ-CG 
959 |a Ex convento de Nuestra Señora de Guadalupe, Museo Regional de Zacatecas, Zacatecas  |b CCC4 
960 |a Convento de Nuestra Señora de Guadalupe, Zacatecas  |b DD87 
961 |a Franciscana  |b OF 
942 |c CRZ-CG 
943 |g Biblioteca del Ex Convento de Nuestra Señora de Guadalupe. Zacatecas 
999 |c 965320  |d 965320